[Event "Pfalz op-B 10th"]
[Site "Neustadt an der Weinstrasse"]
[Date "2019.03.01"]
[Round "1"]
[White "Rochau, Normen"]
[Black "Guckes, Simon"]
[Result "1-0"]
[WhiteElo "1905"]
[BlackElo "1681"]
[PlyCount "111"]
[EventDate "2019.03.01"]
[EventType "swiss"]
[EventRounds "7"]
[EventCountry "GER"]
[SourceTitle "CBM 189 Extra"]
[Source "ChessBase"]
[SourceDate "2019.06.03"]
[SourceVersion "1"]
[SourceVersionDate "2019.06.03"]
[SourceQuality "1"]

1. e4 c5 2. Nf3 e6 3. d4 cxd4 4. Nxd4 Nf6 5. Nc3 Bb4 6. e5 Nd5 7. Bd2 Nxc3 8. bxc3 Be7 9. Qg4 0-0 10. Bh6 g6 11. Bxf8 Bxf8 12. Qg3 Bg7 13. Be2 Qc7 14. f4 Na6 15. 0-0 Nc5 16. Nb5 Qc6 17. Qe3 Na4 18. Qd4 Nb6 19. Nd6 Rb8 20. Rab1 Na4 21. Qxa7 Qc5+ 22. Qxc5 Nxc5 23. Bb5 h5 24. Kf2 b6 25. Rfd1 Bf8 26. Ke3 Bb7 27. Nxb7 Rxb7 28. g4 hxg4 29. Rd2 Rc7 30. Rbd1 Nb7 31. Rxd7 Rxc3+ 32. R1d3 Rxc2 33. Rd2 Rxd2 34. Rxd2 Bh6 35. Rg2 Kg7 36. Rxg4 f6 37. exf6+ Kxf6 38. Rh4 Bf8 39. Bd3 Nd6 40. Rh8 Be7 41. Rb8 Nf5+ 42. Bxf5 Bc5+ 43. Ke4 exf5+ 44. Kf3 Ke6 45. Rg8 Kf6 46. Rc8 Kf7 47. a4 Bd4 48. h3 Ke7 49. Rc6 Kf7 50. Ke2 Bg1 51. Kd3 Bh2 52. Rxb6 Bxf4 53. a5 g5 54. a6 g4 55. hxg4 fxg4 56. Rb4 1-0

[Event "Rhein Main op-A 19th"]
[Site "Bad Homburg"]
[Date "2016.05.29"]
[Round "7"]
[White "Rochau, Normen"]
[Black "Schultze, Joerg Martin"]
[Result "0-1"]
[WhiteElo "1935"]
[BlackElo "2015"]
[PlyCount "68"]
[EventDate "2016.05.25"]
[EventType "swiss"]
[EventRounds "7"]
[EventCountry "GER"]
[SourceTitle "EXT 2017"]
[Source "ChessBase"]
[SourceDate "2016.10.25"]
[SourceVersion "1"]
[SourceVersionDate "2016.10.25"]
[SourceQuality "1"]

1. e4 c6 2. Nc3 d5 3. Nf3 Bg4 4. h3 Bxf3 5. Qxf3 e6 6. d4 dxe4 7. Qxe4 Nf6 8. Qd3 Be7 9. Be2 0-0 10. Bf4 Nd5 11. Nxd5 cxd5 12. 0-0 Bd6 13. Bd2 Nd7 14. b3 Qh4 15. c4 dxc4 16. bxc4 Rad8 17. Rad1 e5 18. Be3 e4 19. Qd2 h6 20. Qa5 Bb8 21. c5 Nf6 22. Qb5 Nd5 23. Qb3 Nxe3 24. Qxe3 Rfe8 25. Bg4 Qf6 26. g3 Rd5 27. Rd2 Rg5 28. Be2 Bf4 29. Qc3 e3 30. Bb5 exf2+ 31. Rdxf2 Re3 32. Rxf4 Rgxg3+ 33. Kh2 Rxh3+ 34. Kg2 Qg5+ 0-1

[Event "Heusenstamm Sparkassen op-A 2nd"]
[Site "Heusenstamm"]
[Date "2015.11.28"]
[Round "4"]
[White "Rochau, Normen"]
[Black "Schwarz, Dusan"]
[Result "0-1"]
[WhiteElo "1912"]
[BlackElo "2315"]
[PlyCount "122"]
[EventDate "2015.11.26"]
[EventType "swiss"]
[EventRounds "7"]
[EventCountry "GER"]
[SourceTitle "EXT 2018"]
[Source "ChessBase"]
[SourceDate "2017.10.13"]
[SourceVersion "1"]
[SourceVersionDate "2017.10.13"]
[SourceQuality "1"]

1. e4 d5 2. exd5 Qxd5 3. Nc3 Qa5 4. d4 c6 5. Nf3 Nf6 6. Bd2 Bf5 7. Ne4 Qb6 8. Nxf6+ gxf6 9. b3 Nd7 10. g3 Be4 11. c3 Bg7 12. Qe2 f5 13. Bg2 e6 14. 0-0 Nf6 15. Rac1 0-0 16. Ne5 Bxg2 17. Kxg2 Qc7 18. Nd3 Rfd8 19. Bf4 Qe7 20. Be5 Bh6 21. Bxf6 Qxf6 22. f4 Bg7 23. Qf3 Qe7 24. Rfe1 Qd6 25. Re2 Qd5 26. Nb4 Qxf3+ 27. Kxf3 c5 28. dxc5 a5 29. Nc2 Bxc3 30. Ne1 Bb4 31. Ke3 Rd5 32. Nd3 Ba3 33. Rcc2 Rc8 34. c6 bxc6 35. Ne5 Kg7 36. Kf3 a4 37. bxa4 Rd4 38. Rxc6 Rxc6 39. Nxc6 Rxa4 40. Ne5 Bd6 41. Rc2 Ra3+ 42. Kg2 Bxe5 43. fxe5 Re3 44. Rc5 Re2+ 45. Kf3 Rxa2 46. h3 Rh2 47. h4 Rh1 48. Ra5 Re1 49. Rb5 Re4 50. Ra5 Kg6 51. Rb5 h5 52. Ra5 Rg4 53. Ra8 f4 54. gxf4 Kf5 55. Ra4 Rxh4 56. Ke3 Rg4 57. Ra7 Rg7 58. Ra1 Rg3+ 59. Kf2 Rg4 60. Rh1 Rxf4+ 61. Ke3 h4 0-1

[Event "Heusenstamm Sparkassen op-A 2nd"]
[Site "Heusenstamm"]
[Date "2015.11.27"]
[Round "3"]
[White "Hahn, Florian"]
[Black "Rochau, Normen"]
[Result "1-0"]
[WhiteElo "2149"]
[BlackElo "1912"]
[PlyCount "81"]
[EventDate "2015.11.26"]
[EventType "swiss"]
[EventRounds "7"]
[EventCountry "GER"]
[SourceTitle "EXT 2018"]
[Source "ChessBase"]
[SourceDate "2017.10.13"]
[SourceVersion "1"]
[SourceVersionDate "2017.10.13"]
[SourceQuality "1"]

1. d4 Nf6 2. c4 e6 3. g3 Bb4+ 4. Nd2 c5 5. Ngf3 Nc6 6. dxc5 Bxc5 7. Nb3 Bb4+ 8. Bd2 Bxd2+ 9. Qxd2 b6 10. Bg2 0-0 11. 0-0 Ba6 12. Rac1 Rc8 13. Rfd1 Qe7 14. Nbd4 Nxd4 15. Qxd4 Bb7 16. Qd6 Qxd6 17. Rxd6 Rfd8 18. Ne5 Bxg2 19. Kxg2 Kf8 20. Rcd1 Ke7 21. f3 Rc7 22. b3 Nd5 23. cxd5 Kxd6 24. Nxf7+ Ke7 25. Nxd8 exd5 26. Rxd5 Kxd8 27. Rd2 Ke7 28. e4 Ke6 29. Kf2 a5 30. Ke2 Rc3 31. f4 d6 32. Rd3 Rc2+ 33. Rd2 Rc3 34. Kd1 Re3 35. Rd4 Rf3 36. Ke2 Rc3 37. Rc4 Rxc4 38. bxc4 Kd7 39. Kd3 Kc6 40. Kd4 a4 41. a3 1-0

[Event "Wiesbaden op 27th"]
[Site "Wiesbaden"]
[Date "2015.08.29"]
[Round "4"]
[White "Hegener, Thorsten"]
[Black "Rochau, Normen"]
[Result "0-1"]
[WhiteElo "1742"]
[BlackElo "1917"]
[PlyCount "56"]
[EventDate "2015.08.27"]
[EventType "swiss"]
[EventRounds "7"]
[EventCountry "GER"]
[SourceTitle "EXT 2016"]
[Source "ChessBase"]
[SourceDate "2015.10.08"]
[SourceVersion "1"]
[SourceVersionDate "2015.10.08"]
[SourceQuality "1"]

1. d4 Nf6 2. g3 g6 3. c4 Bg7 4. Nf3 0-0 5. Bg2 c6 6. 0-0 d5 7. Bf4 Nbd7 8. Nbd2 Nh5 9. cxd5 cxd5 10. Rc1 Nxf4 11. gxf4 Nb8 12. Ne5 f6 13. Nd3 Nc6 14. Rc5 e6 15. e3 Bd7 16. a3 Rf7 17. b4 Bf8 18. Rc1 a6 19. Nc5 b6 20. Nxd7 Qxd7 21. Qc2 Na7 22. e4 dxe4 23. Nxe4 Rd8 24. Rfd1 Bh6 25. d5 e5 26. fxe5 fxe5 27. Rb1 Qg4 28. Qc7 Qxd1+ 0-1

[Event "Wiesbaden op 27th"]
[Site "Wiesbaden"]
[Date "2015.08.27"]
[Round "1"]
[White "Rochau, Normen"]
[Black "Woessmann, David"]
[Result "1-0"]
[WhiteElo "1917"]
[BlackElo "1476"]
[PlyCount "61"]
[EventDate "2015.08.27"]
[EventType "swiss"]
[EventRounds "7"]
[EventCountry "GER"]
[SourceTitle "EXT 2016"]
[Source "ChessBase"]
[SourceDate "2015.10.08"]
[SourceVersion "1"]
[SourceVersionDate "2015.10.08"]
[SourceQuality "1"]

1. e4 e5 2. Nf3 Nc6 3. Bb5 a6 4. Ba4 Nf6 5. 0-0 b5 6. Bb3 Bc5 7. d3 0-0 8. Bg5 h6 9. Bh4 Be7 10. Bg3 d6 11. a4 Bg4 12. h3 Bh5 13. c3 Na5 14. Bc2 d5 15. Bxe5 dxe4 16. dxe4 Nc4 17. Qxd8 Bxd8 18. Bd4 Rc8 19. b3 Nd6 20. e5 c5 21. Be3 Nd5 22. exd6 Nxe3 23. fxe3 Rc6 24. axb5 axb5 25. Na3 b4 26. cxb4 cxb4 27. Nc4 Bf6 28. Ra5 g5 29. Nfe5 Bxe5 30. Rxe5 f6 31. Re6 1-0

[Event "Untergrombach op 32nd"]
[Site "Untergrombach"]
[Date "2015.01.05"]
[Round "4"]
[White "Dushatskiy, Fedor"]
[Black "Rochau, Normen"]
[Result "1/2-1/2"]
[WhiteElo "2109"]
[BlackElo "1828"]
[PlyCount "58"]
[EventDate "2015.01.02"]
[EventType "swiss"]
[EventRounds "7"]
[EventCountry "GER"]
[SourceTitle "CBM 164 Extra"]
[Source "ChessBase"]
[SourceDate "2015.03.02"]
[SourceVersion "1"]
[SourceVersionDate "2015.03.02"]
[SourceQuality "1"]

1. d4 Nf6 2. c4 g6 3. Nc3 d5 4. cxd5 Nxd5 5. e4 Nxc3 6. bxc3 Bg7 7. Bc4 c5 8. Ne2 Nc6 9. Be3 0-0 10. 0-0 Bg4 11. f3 Na5 12. Bd3 Bd7 13. d5 b6 14. c4 e6 15. Rc1 exd5 16. exd5 Re8 17. Qd2 Rc8 18. Bg5 Qc7 19. Nc3 Be5 20. Ne4 Kg7 21. Bh6+ Kg8 22. f4 Bd4+ 23. Kh1 Bf5 24. Rfe1 Nb7 25. Ng3 Bxd3 26. Qxd3 f5 27. Nf1 Nd6 28. Nd2 Nf7 29. Bg5 Nxg5 1/2-1/2